Startlist Tour de France 2023 - Statistiques

Statistiques générales
  • Ce quiz a été pris 154 fois
    115 depuis la dernière actualisation
  • Le résultat moyen est 93 sur 198
Statistiques - réponses
Answers % Correct
Jonas Vingegaard
96%
Christophe Laporte
94%
Tadej Pogacar
92%
Wout Van Aert
92%
Sepp Kuss
87%
Adam Yates
86%
Simon Yates
86%
David Gaudu
83%
Thibaut Pinot
83%
Egan Bernal
78%
Julian Alaphilippe
78%
Mathieu Van der Poel
77%
Tiesj Benoot
77%
Peter Sagan
75%
Wilco Kelderman
75%
Rafal Majka
74%
Ben O'Connor
73%
Felix Gall
73%
Richard Carapaz
73%
Carlos Rodriguez
71%
Enric Mas
71%
Jasper Philipsen
71%
Neilson Powless
71%
Victor Lafay
71%
Guillaume Martin
70%
Valentin Madouas
70%
Dylan Van Baarle
68%
Stefan Küng
68%
Fabio Jakobsen
66%
Giulio Ciccone
66%
Romain Bardet
66%
Jai Hindley
65%
Mads Pedersen
65%
Marc Soler
65%
Nathan Van Hooydonck
65%
Thomas Pidcock
65%
Mikkel Bjerg
62%
Pierre Latour
62%
Biniam Girmay
61%
Caleb Ewan
61%
Kasper Asgreen
61%
Lars Van Den Berg
61%
Michal Kwiatkowski
61%
Mikel Landa
61%
Pello Bilbao
61%
Rémi Cavagna
61%
Warren Barguil
61%
Matteo Trentin
60%
Bryan Coquard
58%
Gorka Izagirre
58%
Ion Izagirre
58%
Mark Cavendish
58%
Michael Woods
58%
Emanuel Buchmann
57%
Alexey Lutsenko
56%
Kevin Geniets
56%
Benoît Cosnefroy
55%
Jumbo-Visma
55%
Magnus Cort Nielsen
55%
Matej Mohoric
55%
Wout Poels
55%
Aurélien Paret-Peintre
53%
Daniel Martinez
53%
Tobias Johannessen
53%
Yves Lampaert
53%
Bob Jungels
52%
Tony Gallopin
52%
Adrien Petit
51%
Alexander Kristoff
51%
Andrey Amador
51%
Felix Grossschartner
51%
Hugo Houle
51%
Michael Morkov
51%
Rigoberto Uran
51%
Alberto Bettiol
49%
Groupama FDJ
49%
Lilian Calmejane
49%
Matteo Jorgenson
49%
Olivier Le Gac
49%
Rui Costa
49%
UAE
49%
Ag2r Citroën
48%
Esteban Chaves
48%
Jonathan Castroviejo
48%
Mattias Skjelmose
48%
Quinn Simmons
48%
Simon Geschke
48%
Cofidis
47%
Dylan Groenewegen
47%
Mathieu Burgaudeau
47%
Phil Bauhaus
47%
Alpecin-Deceuninck
45%
Arkea Samsic
45%
Astana
45%
Axel Zingle
45%
Bora-Hansgrohe
45%
Edvald Boasson Hagen
45%
Ineos Grenadiers
45%
Jasper Stuyven
45%
Jordi Meeus
45%
Lidl-Trek
45%
Nans Peters
45%
Oliver Naesen
45%
Soudal Quick-Step
45%
Alex Kirsch
44%
Daniel Oss
44%
Intermarché-Wanty
44%
James Shaw
44%
Krists Neilands
44%
Omar Fraile
44%
Patrick Konrad
44%
Vegard Laengen
44%
Victor Campenaerts
44%
Bahrain Victorious
43%
EF Education Easy Post
43%
Lotto Dstny
43%
Quentin Pacher
43%
Ben Turner
42%
Danny Van Poppel
42%
Georg Zimmermann
42%
Jayco Alula
42%
Juan Pedro Lopez
42%
Luca Mozzato
42%
Matis Louvel
42%
Ruben Guerreiro
42%
Team DSM
42%
Tim Declercq
42%
TotalEnergies
42%
Uno-X
42%
Alexis Renard
40%
Anthony Perez
40%
Anthony Turgis
40%
Chris Hamilton
40%
Gregor Mühlberger
40%
Louis Meintjes
40%
Silvan Dillier
40%
Steff Cras
40%
Maxim Van Gils
39%
Cees Bol
38%
Dries Devenyns
38%
Israel Premier Tech
38%
Nils Politt
38%
John Degenkolb
36%
Yevgeniy Fedorov
36%
Christopher Juul-Jensen
35%
Clément Champoussin
35%
Fred Wright
35%
Movistar Team
35%
Nelson Oliveira
35%
Dylan Teuns
34%
Harold Tejada
34%
Luka Mezgec
34%
David De la Cruz
32%
Guillaume Boivin
32%
Jack Haig
32%
Luis Leon Sanchez
32%
Marco Haller
32%
Chris Harper
31%
Laurent Pichon
31%
Soren Kragh Andersen
31%
Stan Dewulf
31%
Anthony Delaplace
30%
Jacopo Guarnieri
30%
Jonas Abrahamsen
30%
Rasmus Tiller
30%
Valentin Ferron
30%
Jonas Gregaard
29%
Sam Welsford
29%
Simon Clarke
29%
Torstein Traeen
29%
Clément Berthet
27%
Nikias Arndt
27%
Alex Aranburu
26%
Gianni Moscon
26%
Lawson Craddock
26%
Mike Teunissen
26%
Corbin Strong
25%
Dion Smith
25%
Ramon Sinkeldam
25%
Antonio Pedrero
23%
Simon Guglielmi
23%
Frederik Frison
22%
Pascal Eenkhoorn
22%
Jonas Rickaert
21%
Kevin Vermaerke
21%
Michael Gogl
21%
Soren Waerenskjold
19%
Jenthe Biermans
18%
Nils Eekhoff
18%
Florian Vermeersch
17%
Jasper de Buyst
17%
Matthew Dinham
16%
Nick Schultz
16%
Quinten Hermans
16%
Anthon Charmig
13%
Elmar Reinders
12%
Luke Durbridge
10%
Alex Edmonson
8%
Aucun quiz correspondant
Distribution des résultats
% des personnes avec chaque résultat
Percentile par nombre de réponses
Votre historique - résultats
Vous n’avez pas pris ce quiz depuis la dernière actualisation